Alle MCU Serien - Statistiken

Allgemein
  • Dieses Quiz wurde 140 mal gespielt
  • Das Durchschnittsergebnis liegt bei 12 aus 35
Antwortstatistiken
Antwort % Korrekt
Loki
84%
WandaVision
84%
The Falcon and the Winter Soldier
71%
Daredevil
65%
Hawkeye
65%
What if...?
62%
Moon Knight
60%
Agents of S.H.I.E.L.D.
57%
Ms. Marvel
52%
The Punisher
50%
Iron Fist
47%
Jessica Jones
42%
Agatha All Along
39%
Luke Cage
38%
The Defenders
38%
Agent Carter
36%
Echo
34%
Ironheart
33%
Secret Invasion
32%
Spider-Man
27%
Daredevil: Born Again
26%
Inhumans
20%
She-Hulk: Die Anwältin
19%
Cloak and Dagger
17%
Ich bin Groot
16%
Wonder Man
16%
X-Men '97
16%
Marvel Zombies
15%
Runaways
13%
Eyes of Wakanda
11%
Vision Quest
8%
Ghost Rider
4%
Most Wanted
3%
Damage Control
1%
New Warriors
1%
Keine übereinstimmenden Quizze gefunden
Verteilung der Resultate
Anzahl Personen mit jedem Resultat
Perzentil nach korrekt beantworteten Fragen
Ihre Resultats-Entwicklung
Sie haben dieses Quiz noch nicht gespielt